[Event "British KO-ch 2018"]
[Site "London"]
[Date "2018.12.11"]
[Round "2.1"]
[White "McShane, Luke"]
[Black "Adams, Michael"]
[Result "1/2-1/2"]
[WhiteElo "2664"]
[BlackElo "2703"]
[Annotator "TA"]
[PlyCount "68"]
[EventDate "2018.12.09"]
[EventType "k.o."]
[EventCountry "ENG"]
[SourceTitle "playchess.com"]
[Source "ChessBase"]
[SourceQuality "1"]

{[%evp 21,68,-31,-13,-50,0,-33,-29,-32,-53,-66,0,-24,-1,0,-31,-19,115,0,0,0,0,-25,0,0,0,0,0,0,0,-48,-54,-54,-60,-50,-50,-54,-62,-56,-61,-62,-51,-59,-67,-56,-44,-39,0,0,0]} 1. e4 e5 2. Nf3 Nc6 3. Bc4 Bc5 4. d3 Nf6 5. O-O O-O 6. Re1 d6 7. c3 a6 {C54: Giuoco Piano: 4 c3 Nf6, main lines with 5 d4 and 5 d3} 8. a4 Ba7 9. Nbd2 Ng4 10. Re2 Kh8 11. h3 f5 $1 {LiveBook: 4 Games} 12. d4 $146 ({Predecessor:} 12. exf5 Nxf2 13. Rxf2 Bxf2+ 14. Kxf2 d5 15. Bb3 Bxf5 {1-0 (45) Topalov,V (2761)-Nakamura,H (2787) Leuven 2016}) 12... Nh6 {...fxe4 is the strong threat.} 13. Bd5 exd4 14. cxd4 fxe4 15. Nxe4 Bxh3 ({Black should play} 15... Rxf3 $1 $15 16. Bxc6 (16. gxf3 Nxd4 17. Re3 c6 $17) 16... Rf5) 16. Neg5 Bf5 17. Ne6 $36 {[%mdl 2048] White is more active.} Bxe6 $1 18. Rxe6 Ng8 {[#]} (18... Nf5 $1 $11 19. Re4 h6) 19. Bxc6 (19. Ng5 $1 $16 {And now Qd3 would win.} Nf6 20. Bxc6 bxc6 21. Ra3) 19... bxc6 $11 20. Ra3 Qd7 21. Rae3 Rf6 22. Qe2 Rxe6 23. Rxe6 a5 24. Ng5 h6 ({Of course not} 24... Bxd4 $6 25. Qd3 $16) 25. Qf3 Nf6 26. Rxf6 $1 gxf6 27. Qxf6+ Qg7 28. Nf7+ Kh7 29. Qf5+ $1 Qg6 30. Qd7 {[#] Black must now prevent Ne5+.} Bxd4 31. Ne5+ Qg7 32. Qf5+ Kg8 $1 33. Qe6+ Kh7 34. Qf5+ $1 Kg8 {Accuracy: White = 49%, Black = 64%.} (34... Kh8 $5 35. Nf7+ $8 {[%mdl 64] Double Attack} Kg8 36. Nxh6+ Kh8 37. Nf7+ Kg8 38. Nh6+ Kh8 39. Nf7+ Kg8 40. Nh6+ $11) 1/2-1/2

[Event "British KO-ch 2018"]
[Site "London"]
[Date "2018.12.12"]
[Round "2.2"]
[White "Adams, Michael"]
[Black "McShane, Luke"]
[Result "1/2-1/2"]
[WhiteElo "2703"]
[BlackElo "2664"]
[Annotator "TA"]
[PlyCount "169"]
[EventDate "2018.12.09"]
[EventType "k.o."]
[EventCountry "ENG"]
[SourceTitle "playchess.com"]
[Source "ChessBase"]
[SourceQuality "1"]

{[%evp 20,169,17,4,4,0,0,7,5,0,21,23,60,70,80,81,95,92,100,97,242,251,236,246,239,240,233,225,236,227,231,225,232,228,233,235,204,222,262,252,303,297,303,299,299,304,304,304,296,304,303,304,299,301,294,0,279,267,296,293,300,296,296,302,296,296,408,296,296,296,296,296,296,296,296,260,391,247,281,281,281,281,281,281,281,281,296,260,281,246,281,281,424,320,333,296,296,296,296,296,296,289,289,290,282,260,260,229,363,260,260,239,231,200,272,272,314,312,302,297,395,392,434,239,203,145,132,134,182,183,183,183,182,178,189,79,79,79,79,79,79,80,247,82,89,89,89,89,89,89,92,99]} 1. e4 e6 2. d4 d5 3. Nd2 c5 4. exd5 Qxd5 5. Ngf3 cxd4 6. Bc4 Qd7 {C07: French Tarrasch: 3...c5, 4 Ngf3 and 4 exd5 Qxd5} (6... Qd6 7. O-O Nf6 8. Nb3 Nc6 9. Nbxd4 Nxd4 10. Nxd4 a6 11. Re1 Qc7 12. Bf1 Be7 13. Qf3 O-O 14. Bf4 Bd6 15. Bxd6 Qxd6 16. Rad1 Qc7 17. c4 Rb8 18. Qg3 Qxg3 19. hxg3 Bd7 {½-½ (61) Karjakin,S (2773)-Duda,J (2737) chess.com INT 2018}) 7. Nb3 Nc6 8. Nbxd4 Nxd4 9. Nxd4 a6 10. Bf4 Nf6 11. O-O {LiveBook: 10 Games} b5 12. Bb3 Bb7 13. Re1 {[%cal Rd4e6] Black must now prevent Nxe6!} Be7 14. c3 Nd5 $146 15. Be5 O-O 16. Qg4 {[%csl Ge5][%cal Rg4g7]} g6 17. Rad1 Rad8 18. h4 Bd6 19. h5 $1 {[%cal Rh5g6]} Qe8 (19... Rfe8 $16) 20. hxg6 $18 hxg6 21. Bxd5 Bxd5 22. Bf6 $1 {Intending Qh3 and mate.} Be7 23. Qh4 $40 {[%csl Gf6][%cal Rh4h8][%mdl 128] White goes for the king.} Bxf6 24. Qxf6 {Threatens to win with Rd3.} Rd7 {[#]} 25. Nf5 $1 {[%mdl 512]} exf5 ({Inferior is} 25... gxf5 26. Rd3 Bf3 27. Rxf3 Rd4 28. Qg5+ Kh8 29. Rh3+ Rh4 30. Rxh4#) 26. Rxe8 Rxe8 27. Rd3 Re6 28. Qg5 Bc6 29. Rh3 {Qh6 is the strong threat.} Kf8 30. Kh2 Rdd6 31. Rh8+ Kg7 32. Qh6+ Kf6 33. Qh4+ Kg7 34. Rh7+ Kf8 35. Qh6+ Ke7 36. Qg5+ Kf8 37. Qh6+ Ke7 38. Qf4 Be8 39. Rh8 Kd7 40. f3 Ke7 41. Kg3 Kd7 42. a4 {[%cal Ba2a4,Ba4a5][%mdl 32]} Kc7 43. a5 Kc6 44. Kf2 Rd8 45. Rh4 Kb7 46. Qg5 Rd7 47. Rd4 Rde7 (47... Kc8 {was worth a try.} 48. Qh6 Kc7 49. Qf4+ Kc8) 48. Rd2 Kc7 49. Qf4+ Kc8 50. Qd4 Rd7 51. Qc5+ Kb7 52. Rd4 Rc7 53. Qb4 Kc8 54. Qb3 Bd7 55. Qd5 {[%cal Rd5a8]} Kd8 (55... Kb8 $142 56. Rh4 Bc8) 56. Rh4 Ke7 57. Rh7 Rcc6 58. Qd4 Rc4 59. Qd2 Be8 60. Qg5+ Kd7 61. Rh1 Rcc6 62. Rd1+ Rcd6 63. Rd4 Kc8 (63... Rxd4 $142 64. cxd4 Rd6) 64. Qd2 Kc7 65. Kg3 Kd7 66. Kf4 Ke7 67. Kg5 Rc6 68. Kh6 Kf8 69. b3 f6 70. Rd8 {Threatening mate with Qd7.} Re7 71. Qd4 (71. f4 $142) 71... Rce6 72. Rxe8+ {[%mdl 64] Remove Defender} Kxe8 73. Kxg6 {[%mdl 4096] Endgame KQ-KRR} Rc6 74. Qd5 Ree6 75. f4 $1 Red6 {[#]} 76. Qf3 $1 Kd7 {[#]} 77. Kxf5 (77. b4 $1 $18) 77... Rc5+ $16 78. Kg6 Rdc6 79. Qh3+ Kc7 80. Qh7+ Kb8 $2 (80... Kd8 $16) 81. Qg8+ $2 (81. Qd7 $18 {is more deadly.}) 81... Kb7 {White is better.} 82. Qf7+ Rc7 83. Qe6 {And now Qb6+ would win.} R7c6 84. Qd7+ Rc7 85. Qd6 {Accuracy: White = 67%, Black = 50%.} 1/2-1/2

[Event "British KO-ch 2018"]
[Site "London"]
[Date "2018.12.12"]
[Round "2.2"]
[White "Jones, Gawain C B"]
[Black "Howell, David W L"]
[Result "1-0"]
[WhiteElo "2682"]
[BlackElo "2696"]
[Annotator "TA"]
[PlyCount "89"]
[EventDate "2018.12.09"]
[EventType "k.o."]
[EventCountry "ENG"]
[SourceTitle "playchess.com"]
[Source "ChessBase"]
[SourceQuality "1"]

{[%evp 17,89,14,20,14,18,10,6,12,10,-4,0,3,0,0,0,0,0,-77,-73,-57,0,0,0,-63,-56,-53,-69,-67,0,0,0,0,315,310,316,319,310,312,312,308,318,310,303,299,280,284,233,236,868,858,959,939,6270,6184,5265,3565,5273,1019,5208,5206,7183,7183,29982,29983,29983,6420,29977,29978,29978,29978,29978,29979,29976,29977]} 1. e4 e5 2. Nf3 Nc6 3. Bc4 Bc5 4. O-O Nf6 5. d3 d6 6. c3 a5 {C54: Giuoco Piano: 4 c3 Nf6, main lines with 5 d4 and 5 d3} (6... a6 7. Re1 Ba7 8. a4 Ng4 9. Re2 Qf6 10. Nbd2 g5 11. Qe1 Rg8 12. Nf1 h5 13. Qd2 Be6 14. Bd5 Bxd5 15. exd5 {0-1 (29) Amin,B (2709)-Adhiban,B (2682) Zagreb 2018}) 7. Re1 h6 8. Nbd2 O-O 9. Nf1 Ne7 {LiveBook: 4 Games} 10. Ng3 Ng6 11. h3 a4 $146 ({Predecessor:} 11... c6 12. Bb3 Re8 13. d4 exd4 14. cxd4 Bb6 15. Qc2 {½-½ (36) Kacharava,N (2206)-Gharibyan,M (2346) Jermuk 2017}) 12. d4 exd4 13. Nxd4 Re8 14. Be3 Bb6 15. Qc2 d5 16. exd5 Nxd5 17. Bxh6 (17. a3 $11) 17... Rxe1+ $17 18. Rxe1 {Nh5 is the strong threat.} Bxd4 (18... gxh6 $15 19. Bxd5 Qxd5 {[%mdl 64] Double Attack} 20. Re8+ Nf8) 19. cxd4 $11 gxh6 20. Nh5 (20. Bxd5 $1 $11 Qxd5 {[%mdl 64] Double Attack} 21. Re8+ Kg7 22. Qxc7 Bxh3 23. Qxb7 $1 {[%mdl 512]} Bxg2 24. Rxa8 Qxb7 25. Nh5+ Kh7 26. Nf6+ Kg7 27. Nh5+ Kh7 28. Nf6+ Kg7 29. Nh5+) 20... Ngf4 $1 $15 {[%cal Rf4h5]} 21. Re5 {Threatens to win with Bxd5.} Be6 {aiming for ...c6.} 22. Qc1 $1 {Hoping for Bxd5.} Nxh5 ({Black should play} 22... Qf8 $1 $15 23. Bxd5 {[%mdl 64] Remove Defender} Nxd5 24. Rxd5 {[%mdl 64] Remove Defender} Bxd5 25. Nf6+ Kh8 26. Nxd5 Qd6) 23. Rxh5 $11 Nf6 24. Rxh6 Ra5 $2 {[%mdl 8192]} ({And not} 24... Qxd4 25. Bxe6 Qe5 26. Bc4 $18) (24... Ne8 $11 {and Black is okay.} 25. Bxe6 fxe6) 25. Bxe6 $18 fxe6 26. Rg6+ Kf7 27. Qh6 {White wants to mate with Rg7+.} e5 {[#]} 28. g4 $1 {[%cal Rg4g5]} exd4 29. g5 Rf5 30. gxf6 Rxf6 {[%mdl 4096] Endgame KQR-KQR} 31. Qh7+ Ke6 {[#]} 32. Rg8 $1 {[%cal Rg8d8]} Qd7 $2 (32... Qe7 33. Qe4+ {[%mdl 64] Double Attack} Kd7 34. Qxd4+ {[%mdl 64] Double Attack} Rd6 35. Qxa4+ c6 36. Qg4+ Qe6 37. Qg7+ Qe7 38. Qxe7+ Kxe7 39. Rg7+ Ke6 40. Rxb7 Kd5) 33. Rg7 Qc6 34. Rxc7 {[%mdl 64] Double Attack} Qb6 35. Rxb7 Qc6 36. Rc7 Qb6 37. Qe4+ Kd6 38. Rc4 d3 39. Rd4+ Kc7 40. Qe7+ Kc8 41. Rc4+ (41. Qe8+ $142 Kb7 42. Rd7+ Ka6 43. Qc8+ Ka5 44. Rd5+ Qb5 45. Qc3+ {[%mdl 64] Double Attack} Kb6 46. Rxb5+ Kxb5 47. Qxf6) 41... Rc6 42. Qe8+ {White mates.} Kc7 43. Rxc6+ Qxc6 44. Qxc6+ Kxc6 45. Kf1 {Accuracy: White = 72%, Black = 51%.} 1-0

[Event "British KO-ch 2018"]
[Site "London"]
[Date "2018.12.13"]
[Round "2.3"]
[White "Adams, Michael"]
[Black "McShane, Luke"]
[Result "0-1"]
[WhiteElo "2703"]
[BlackElo "2664"]
[Annotator "TA"]
[PlyCount "90"]
[EventDate "2018.12.08"]
[EventType "k.o."]
[EventCountry "ENG"]
[SourceTitle "playchess.com"]
[Source "ChessBase"]
[SourceQuality "1"]

{[%evp 25,89,-25,-4,-23,-20,-38,-11,-67,-65,-64,-77,-77,-74,-76,-52,-53,-49,-84,-62,-164,-153,-149,-150,-163,-133,-106,-106,-178,-173,-247,-164,-170,-149,-183,-176,-201,-138,-131,-139,-131,-121,-207,-174,-331,-250,-301,-326,-501,-519,-494,-491,-476,-456,-964,-892,-1702,-1653,-29996,-29997,-29997,-29996,-29997,-29998,-29998,-29999,-29999]} 1. e4 e5 2. Nf3 Nc6 3. Bb5 Nf6 4. O-O Nxe4 5. d4 Nd6 6. Bxc6 dxc6 7. dxe5 Nf5 8. Qxd8+ Kxd8 9. h3 Bd7 {C67: Ruy Lopez: Berlin Defence: 4 0-0 Nxe4} (9... Be7 10. Nc3 Nh4 11. Nxh4 Bxh4 12. Be3 h5 13. Ne2 Be7 14. f4 f5 15. exf6 gxf6 16. Rad1+ Ke8 17. f5 {½-½ (32) Vachier Lagrave,M (2780)-Karjakin,S (2760) Batumi 2018}) 10. Rd1 Kc8 11. g4 Ne7 12. Ng5 Be8 13. f4 h6 {LiveBook: 3 Games} 14. Nf3 {[#]} f5 $146 ({Predecessor:} 14... h5 15. f5 hxg4 16. hxg4 c5 17. Kf2 {½-½ (36) Robson,R (2628)-Durarbayli,V (2624) Saint Louis 2014}) 15. Kg2 Bd7 {[%cal Be8d7,Bd7g4,Bg4f5][%mdl 32]} 16. Kg3 (16. g5 $11) 16... fxg4 $15 17. hxg4 {With the idea f5.} h5 18. gxh5 Rxh5 19. Nc3 Rh3+ 20. Kg2 {Hoping for Rxd7!} Bg4 21. Rd3 Nf5 {And now ...Rg3+ would win.} 22. Ng1 {[#]} (22. Ne4 $15) 22... Nh4+ $1 $19 23. Kf1 Rh1 24. Be3 Bf5 25. Rd2 Be7 26. Kf2 {[#]} (26. Nce2 $17) 26... Bxc2 $1 {[%mdl 512]} 27. Nce2 (27. Re1 {keeps fighting.}) (27. Rxc2 Rh2+) 27... Rh2+ 28. Kf1 Nf5 $36 {[%mdl 2048] Black has strong initiative.} 29. Bf2 Be4 30. Nc3 Bg2+ 31. Ke2 b6 32. Nf3 Rh3 33. Ne1 (33. Rd3 $17) 33... Rh1 34. Rad1 $2 (34. Nc2 {is a better defense.}) 34... Bf1+ 35. Kf3 Kb7 36. Ng2 (36. Ke4 $142 g6 37. Nf3) 36... Rh3+ 37. Kg4 Bxg2 {[%cal Rf5h6]} 38. Kxf5 Bf3 39. Rd3 (39. Rd7 $142 Rf8+ 40. Kg6 Rxf4 41. Rxe7 Bh5+ 42. Kg5 Rg4+ 43. Kf5 Rf3+ {[%mdl 64] Double Attack} 44. Ke6) 39... Rf8+ 40. Ke6 Bb4 {( -> ...Bg4+)} 41. Rg1 Rh6+ {Black mates.} 42. Kd7 Bh5 43. Rxg7 Be8+ 44. Kd8 Bf7+ 45. Kd7 Be6# {Accuracy: White = 30%, Black = 89%.} 0-1

[Event "British KO-ch 2018"]
[Site "London"]
[Date "2018.12.13"]
[Round "2.3"]
[White "Jones, Gawain C B"]
[Black "Howell, David W L"]
[Result "0-1"]
[WhiteElo "2682"]
[BlackElo "2696"]
[Annotator "TA"]
[PlyCount "192"]
[EventDate "2018.12.08"]
[EventType "k.o."]
[EventCountry "ENG"]
[SourceTitle "playchess.com"]
[Source "ChessBase"]
[SourceQuality "1"]

{[%evp 13,191,11,22,8,13,0,12,0,0,-5,3,0,0,-7,-7,0,0,-10,-7,-12,7,-13,-18,-10,-16,-24,-15,-54,-48,-42,-29,-27,-21,-16,0,0,0,-40,-18,-16,-14,-14,0,0,0,0,0,-3,0,-14,-7,-25,-19,-23,-14,-10,-6,-5,0,0,0,0,0,0,0,0,0,0,0,-22,-22,-30,-29,-23,-30,-31,0,-13,0,-23,0,-10,0,0,16,11,13,0,0,0,0,0,0,2,17,0,0,0,0,0,0,-5,-5,-295,-309,-312,-281,-256,-253,-254,-254,-400,-400,-392,-352,-648,-646,-642,-640,-611,-628,-620,-529,-596,-577,-507,-422,-29946,-29944,-29952,-29953,-29953,-29948,-29947,-29945,-29944,-29947,-29956,-29960,-29957,-6178,-5406,-5097,-29973,-29974,-29974,-29975,-29975,-29976,-29976,-29977,-29977,-29978,-29978,-29979,-29982,-29982,-29983,-29984,-29984,-29985,-29987,-29988,-29989,-29990,-29990,-29990,-29992,-29989,-29989,-29990,-29990,-29991,-29991,-29992,-29992,-29993,-29995,-29994,-29999]} 1. e4 c6 2. d4 d5 3. Nc3 dxe4 4. Nxe4 Nf6 5. Nxf6+ exf6 6. Bc4 Bd6 7. Qe2+ Be7 {LiveBook: 20 Games} 8. Be3 {B15: Caro-Kann: 3 Nc3: 3...g6 and 3...dxe4 4 Nxe4 Nf6 5 Nxf6+ exf6} (8. c3 {keeps more tension.} O-O 9. Be3 Bf5 10. Nf3 Bd6 11. O-O) (8. Nf3 O-O 9. O-O Bg4 10. Be3 Nd7 11. h3 Bh5 12. g4 Bg6 13. Bb3 a5 14. a4 Nb6 15. c4 Bb4 16. Rad1 Re8 17. Nh4 {½-½ (52) Campora,D (2426)-Spraggett,K (2535) Lisbon 2018}) 8... Na6 $146 {[%cal Bb8a6,Ba6c7,Bc7d5,Bd5e3][%mdl 32]} ({Predecessor:} 8... O-O 9. h3 Nd7 10. Nf3 Bd6 11. O-O Nb6 12. Bb3 Nd5 13. Rfe1 Nxe3 14. Qxe3 Bf5 15. Nh4 Bd7 {½-½ (49) Wuest,K (2006)-Schuster,K (2283) Tegernsee 2018}) 9. Nf3 O-O 10. O-O {The position is equal.} Nc7 11. Bb3 Nd5 12. Rfe1 Be6 {[%cal Bc8e6,Be6f5,Bf5e4][%mdl 32]} 13. c4 Nxe3 14. Qxe3 Bb4 15. Red1 Re8 {Strongly threatening ...Bxc4!} 16. Qd3 Qd7 17. Ba4 Bf5 18. Qb3 Bf8 19. d5 Qc7 20. h3 Bc5 21. Nd4 Be4 22. Qc3 Qb6 23. a3 a5 24. Rd2 Re5 25. Nf3 Rf5 {[%cal Rc6d5]} 26. Bc2 cxd5 27. cxd5 Rf4 28. Bxe4 Rxe4 29. Qd3 Re7 30. Rc1 Qd6 31. Rdc2 b6 32. Kh1 g6 33. Qb5 a4 (33... Qxd5 34. b4 $11) 34. Rd2 Kg7 35. g3 Re4 36. Kg2 Rae8 37. Rc4 Rxc4 $1 38. Qxc4 Qd7 39. Qd3 Rd8 40. Qc4 h5 41. Qf4 b5 42. Qe4 Re8 43. Qc2 Rc8 {And now ...Bb4! would win.} 44. Qd3 Rd8 45. Qc3 Rc8 {With the idea ...Bxf2!} 46. Qd3 Rd8 47. Qc3 Qd6 48. Rc2 Rc8 49. Qd3 Rb8 50. Qc3 Rc8 51. Qd3 Rb8 52. Nd2 Ba7 53. Ne4 Qe5 $1 54. Nc3 b4 55. Re2 $1 {[%cal Re2e5]} Qd4 56. Qxd4 Bxd4 57. axb4 $11 {[%mdl 4096] Endgame KRB-KRN} a3 {White must now prevent ...axb2.} 58. d6 $2 {[%mdl 8192]} (58. Re4 $1 $11 {and White has nothing to worry.} Be5 59. f4 Bxc3 60. bxc3) 58... axb2 $19 59. Nb1 Rd8 ({Not} 59... Rxb4 60. Re4 $11) 60. Rd2 Rxd6 61. b5 Kf8 62. b6 {[#]} (62. g4 {might work better.}) 62... Be5 $1 63. Rxd6 Bxd6 {KB-KN} 64. Kf3 $2 (64. g4) 64... f5 65. Ke2 Ke7 66. Kd3 {[#]} Kd7 $1 67. Kc2 Bc5 68. f3 Bxb6 69. Kxb2 Bf2 70. g4 (70. Nc3 $19 Bxg3 71. Kc2) 70... fxg4 71. fxg4 hxg4 72. hxg4 Ke6 73. Nd2 Ke5 74. Kc2 Kf4 75. Nc4 f6 76. Kd3 Kxg4 77. Ke2 Bc5 78. Nd2 Kf4 {Black mates.} 79. Nb3 Bb6 80. Nc1 g5 81. Nd3+ Ke4 82. Nb2 g4 83. Nc4 Bc5 84. Kf1 f5 {[%cal Bf6f5,Bf5f4,Bf4f3][%mdl 32]} 85. Kg2 f4 86. Nd2+ Kf5 87. Nf1 f3+ 88. Kh1 Kf4 89. Ng3 Bd6 90. Nh5+ Kg5 91. Ng7 g3 {[%cal Bg4g3,Bg3g2][%mdl 32]} 92. Ne6+ Kg4 93. Kg1 Bb8 94. Nd4 Ba7 95. Kh1 Kh3 96. Nxf3 g2# {Accuracy: White = 46%, Black = 73%.} 0-1

[Event "British KO-ch 2018"]
[Site "London"]
[Date "2018.12.13"]
[Round "2.4"]
[White "Howell, David W L"]
[Black "Jones, Gawain C B"]
[Result "1/2-1/2"]
[WhiteElo "2696"]
[BlackElo "2682"]
[Annotator "TA"]
[PlyCount "49"]
[EventDate "2018.12.08"]
[EventType "k.o."]
[EventCountry "ENG"]
[SourceTitle "playchess.com"]
[Source "ChessBase"]
[SourceQuality "1"]

{[%evp 16,49,34,20,39,35,20,20,36,31,21,0,0,0,0,0,0,-7,40,0,0,0,0,-5,0,-19,25,23,30,4,5,0,0,0,0,0]} 1. Nf3 Nf6 2. g3 g6 3. b3 Bg7 4. Bb2 O-O 5. Bg2 d6 {[%cal Bd7d6,Bd6d5][%mdl 32]} 6. d4 c5 7. c4 d5 8. dxc5 dxc4 9. O-O {LiveBook: 8 Games} Na6 {E60: King's Indian: Unusual lines and Fianchetto Variation without Nc3} (9... Qc7 10. Qc1 Qxc5 11. Na3 Qh5 12. Nxc4 Nc6 13. Qg5 Qxg5 14. Nxg5 Bd7 15. Rfd1 Rfd8 16. Nf3 Be6 17. Nfe5 Rxd1+ 18. Rxd1 {½-½ (43) So,W (2812)-Vachier Lagrave,M (2795) Stavanger 2017}) 10. Nbd2 $146 ({Predecessor:} 10. c6 cxb3 11. Nd4 Rb8 12. axb3 Nd5 13. cxb7 Bxb7 14. Rxa6 Bxa6 15. Nc6 Nc3 16. Bxc3 Qxd1 17. Rxd1 Rxb3 18. Nxe7+ {½-½ (33) Lammens,T (2350)-Hoolt,S (2298) Germany 2009}) 10... Nxc5 11. Nxc4 Be6 12. Rc1 Bh6 13. Ra1 Rc8 14. Nfe5 Qc7 15. e3 Rfd8 16. Qe2 Bd5 17. Rfd1 {Black must now prevent Ng4.} Bxg2 18. Kxg2 Bg7 19. Rac1 Rxd1 20. Rxd1 Nfd7 21. Nxd7 Nxd7 22. Bxg7 Kxg7 {The position is equal.} 23. Qb2+ Nf6 24. a4 Rd8 25. Rxd8 {Accuracy: White = 59%, Black = 49%.} 1/2-1/2

[Event "British KO-ch 2018"]
[Site "London"]
[Date "2018.12.13"]
[Round "2.4"]
[White "McShane, Luke"]
[Black "Adams, Michael"]
[Result "1-0"]
[WhiteElo "2664"]
[BlackElo "2703"]
[Annotator "TA"]
[PlyCount "129"]
[EventDate "2018.12.08"]
[EventType "k.o."]
[EventCountry "ENG"]
[SourceTitle "playchess.com"]
[Source "ChessBase"]
[SourceQuality "1"]

{[%evp 17,129,0,0,-11,5,0,0,0,0,0,0,-13,-8,-7,-7,-12,-10,-18,0,-4,-4,0,0,-12,0,0,0,0,0,0,0,0,4,4,13,5,17,12,20,22,14,14,10,11,20,15,15,26,20,20,25,20,60,51,62,63,52,50,66,94,94,69,110,99,157,156,194,182,153,148,634,646,652,625,1556,1572,1175,293,1400,1284,12555,12317,29959,29961,29961,29962,29961,29962,29961,29962,29970,29973,29971,29974,29974,29975,29975,29972,29972,29972,29972,29973,29972,29974,29978,29979,29985,29986,29995,29996,29996,29996,29996,296]} 1. e4 e5 2. Nf3 Nc6 3. Bb5 a6 4. Ba4 Nf6 5. O-O Be7 6. Bxc6 dxc6 7. d3 Nd7 8. Nc3 {C85: Closed Ruy Lopez: Deferred Exchange Variation} O-O 9. Kh1 Re8 {LiveBook: 4 Games} 10. Be3 {The position is equal.} Bd6 11. Nd2 $146 ({Predecessor:} 11. Ng1 b5 12. Qd2 Qh4 13. Nce2 c5 14. Ng3 f6 15. h3 g5 {½-½ (40) McShane,L (2640)-Nikitenko,M (2361) Katowice 2017}) 11... Nf8 12. f4 exf4 13. Bxf4 Ng6 14. Be3 Qh4 {[%csl Gd6][%cal Rh4h2] [#]} 15. Bg1 Bg4 16. Qe1 Qxe1 17. Raxe1 b6 18. Nc4 Bf8 19. Ne3 Be6 20. h3 Rad8 21. Bh2 Rd7 22. g4 f6 23. Bg3 Ne5 24. Kg2 h6 25. Rd1 Bf7 26. b3 c5 27. Ncd5 b5 28. Rxf6 c6 29. Rf5 {With the idea Nb6.} cxd5 30. Rxe5 Rxe5 31. Bxe5 dxe4 $1 32. dxe4 Re7 33. Bd6 Rxe4 34. Kf3 Re6 35. Bxf8 Kxf8 $14 {[%mdl 4096] Endgame KRB-KRN} 36. Nf5 Bg6 37. Rd5 Rc6 38. c4 bxc4 39. bxc4 Bxf5 40. gxf5 $16 {KR-KR} Ke7 (40... a5 $142) 41. Kf4 Rb6 42. Rxc5 Rb2 43. Rc7+ Kf8 $2 {[%mdl 8192]} (43... Kd6 $16 44. Rxg7 Rf2+ 45. Ke4 Re2+ 46. Kd4 Rd2+ 47. Kc3 Rxa2 48. Rg6+ Kc5) 44. a4 $18 Ra2 45. Ke5 Rxa4 46. Ke6 {[%cal Rc7c8] [#]} Kg8 47. Rc8+ Kh7 48. c5 Rh4 49. c6 Rxh3 50. Ra8 {White mates.} Rc3 51. Kd6 Rd3+ 52. Kc5 Rc3+ 53. Kb6 h5 54. c7 Kh6 55. c8=Q Rxc8 56. Rxc8 {KR-K3P} Kg5 57. Kc5 Kxf5 58. Kd4 Kf4 59. Rf8+ Kg3 60. Ke3 h4 61. Rg8 h3 62. Rxg7+ Kh2 63. Kf2 Kh1 64. Rg1+ Kh2 65. Ra1 {Accuracy: White = 92%, Black = 49%.} 1-0

[Event "British KO-ch 2018"]
[Site "London"]
[Date "2018.12.13"]
[Round "2.5"]
[White "Adams, Michael"]
[Black "McShane, Luke"]
[Result "1-0"]
[WhiteElo "2703"]
[BlackElo "2664"]
[Annotator "TA"]
[PlyCount "143"]
[EventDate "2018.12.08"]
[EventType "k.o."]
[EventCountry "ENG"]
[SourceTitle "playchess.com"]
[Source "ChessBase"]
[SourceQuality "1"]

{[%evp 13,143,33,36,1,9,17,24,24,31,25,16,20,23,25,25,8,45,36,40,22,28,12,41,10,39,0,26,8,6,17,136,143,122,130,215,208,205,175,179,95,81,72,98,67,83,37,56,54,50,24,61,62,156,169,164,167,155,162,150,160,160,162,159,164,162,167,158,150,181,159,170,156,192,-877,147,79,85,90,87,55,217,200,228,210,266,279,435,426,404,402,523,540,695,553,557,537,540,541,569,440,634,616,708,713,688,675,569,556,556,550,1220,1221,1220,1176,1754,1773,2245,2090,5941,5660,29967,29968,29977,29978,29980,29981,29989,29990,29995,29989,29990,29991]} 1. e4 e5 2. Nf3 Nc6 3. Bc4 Nf6 4. d3 h6 5. c3 d6 6. O-O g5 {C55: Two Knights: 4 d3, 4 d4 exd4 5 e5 and Max Lange Attack} 7. Re1 (7. a4 Bg7 8. Re1 O-O 9. h3 d5 10. exd5 Nxd5 11. Nbd2 a6 12. Ne4 Nf4 13. a5 b5 14. axb6 cxb6 {1-0 (43) Karjakin,S (2782)-Mamedyarov,S (2808) Paris 2018}) 7... Bg7 {LiveBook: 18 Games} 8. Na3 {[%cal Bb1a3,Ba3c4,Bc4e3,Be3f5][%mdl 32]} O-O {The position is equal.} 9. Bb3 Ne7 $146 ({Predecessor:} 9... d5 10. exd5 Nxd5 11. Nc4 Re8 12. Ba4 Nb6 13. Bxc6 bxc6 14. Ncxe5 {½-½ (53) Souleidis,G (2401)-Hector,J (2479) Germany 2018}) 10. Nc4 Ng6 11. Ne3 c6 12. h4 Nxh4 13. Nxh4 gxh4 14. Qf3 Nh7 15. Nf5 {[%mdl 1024] White has compensation.} Ng5 16. Qg4 Qf6 17. Be3 d5 18. f3 Kh8 19. Kf2 Qg6 20. Bc2 {Black should prevent Rh1.} Bf6 {Hoping for ...h5.} 21. Rh1 Nh7 (21... h3 $11) 22. Qxg6 $16 fxg6 23. Nxh4 ({Don't do} 23. Nxh6 $6 Kg7 $14) 23... Bxh4+ (23... Kg7 $16) 24. Rxh4 $18 h5 25. exd5 cxd5 26. d4 (26. Re1 $18) 26... e4 $16 27. Bf4 Kg8 28. Be5 {Strongly threatening Bb3.} Ng5 29. Kg3 Bf5 30. Bb3 $36 {[%mdl 2048] White is more active.} Rad8 31. Bf4 Ne6 32. Bh6 Rf6 (32... Rfe8 $1 $14) 33. fxe4 $1 Bxe4 {[#]} 34. Rxe4 $1 {[%mdl 512]} dxe4 35. Bg5 $1 {[%cal Rg5f6]} Rdf8 36. Bxf6 Rxf6 {[%mdl 4096] Endgame KRB-KRN} 37. Re1 Kf8 38. Rxe4 Ng7 39. Re2 Nf5+ 40. Kh3 Kg7 41. Bc2 Nd6 42. Kg3 Kh6 43. Rf2 $4 {[%mdl 8192] [#]} (43. Bd3 $18) 43... Re6 $2 ({Black should try} 43... h4+ $1 $19 {[%mdl 512]} 44. Kxh4 Rxf2) 44. Bb3 (44. Bd3 $142) 44... Re3+ 45. Kf4 Re4+ {[#]} 46. Kf3 $1 Rg4 $2 ({Black should play} 46... g5 $1 $14) 47. Be6 $18 Rh4 48. Re2 Rh1 49. Kf4 Rf1+ (49... Kg7 $142 50. Ke5 Nf7+ 51. Bxf7 Kxf7) 50. Ke5 Ne8 51. d5 Rd1 52. Bf7 Ng7 53. c4 Nf5 54. Be6 Ng3 55. Rc2 g5 56. Kd6 g4 (56... Nf1 $142 57. b3 Ne3) 57. Kc7 Kg5 58. d6 Ne4 59. d7 {aiming for Bd5.} Nc5 60. Bd5 Nxd7 61. Kxd7 {KRB-KR} b5 62. b3 h4 63. Kc6 bxc4 64. bxc4 Kf4 65. c5 Ke5 66. Re2+ Kf4 67. Kd6 {White mates.} h3 68. gxh3 gxh3 69. c6 Kg3 70. c7 h2 71. Rxh2 Kxh2 72. c8=Q {Precision: White = 60%, Black = 28%.} 1-0